000 00960cam a22003017a 4500
003 CHAP
005 20220817043636.0
008 000320d1998 mx r 00110 spa d
010 _a80471
011 _a81443
035 _a91914
040 _cCHAP
090 _aFolleto 15901
100 0 0 _aHarrington, Larry.
_952839
245 1 0 _aDiversity by desing :
_bconserving biological diversity through more productive & sustainable agroecosystems
_c/by Larry Harrington
260 _aMéxico, D. F. :
_bCIMMYT,
_c1996.
300 _a11 p.
590 _aBATCH-UPD
_b10
_c20130110
_lUCH01
_h1008
590 _aBATCH-UPD
_b10
_c20130410
_lUCH01
_h0617
590 _aBATCH-UPD
_b10
_c20130913
_lUCH01
_h2210
590 _aCONVERSION
_b10
_c20130109
_lUCH01
_h1345
650 1 4 _aAgricultura sustentable.
650 1 4 _aAgroforestería.
_92156
901 _aBK
905 _aLilia Sánchez G.
942 _cFOLL
949 _aFolleto 15901
_bBC
_cFOLL
_d919141
_eTS1
_i91914
_sb
999 _c80471
_d80471